Administración pública : la función administrativa, los sistemas de organización y otros aspectos /
Guardado en:
| Autor Principal: | |
|---|---|
| Formato: | Libro |
| Idioma: | Spanish |
| Publicado: |
México :
Trillas,
1967.
|
| Etiquetas: |
Agregar Etiqueta
Sin Etiquetas, Sea el primero en etiquetar este registro!
|
| LEADER | 00464nam a22001335a 4500 | ||
|---|---|---|---|
| 001 | EUN.um018421 | ||
| 008 | 041125s1967####mx############000#0#spa#d | ||
| 005 | 20100603141925.0 | ||
| 245 | 1 | 0 | |a Administración pública : |b la función administrativa, los sistemas de organización y otros aspectos / |c Dwight Waldo. |
| 260 | |a México : |b Trillas, |c 1967. | ||
| 300 | |a 522 p. | ||
| 100 | 1 | |a Waldo, Dwight. | |
| 082 | 0 | 4 | |a 350.7 |
| 859 | |a Ar-BaUNS |b BIB. CENTRAL - Sector C |h 350.7 |i W147-1 |p 68030/974 | ||
